000 00417nam a2200169Ia 4500
008 230524s9999 xx 000 0 und d
020 _a981412611X
082 _a610.28
_bRAN
100 _aRangaraj M.Rangayyan
245 0 _aBiomedical Signal Analysis
250 _a1ST
260 _aSINGAPORE
_bJohn Wiley
_c2002
300 _aXXVIII;509
500 _aQuantity Number: 32
650 _aBiomedical
942 _cBK
999 _c35192
_d35192